| 000 | 02610nam a22003017a 4500 | ||
|---|---|---|---|
| 005 | 20220314122020.0 | ||
| 008 | 201107s1939 enk |||f||||| 001 0 mul d | ||
| 020 | _a0674993810 | ||
| 020 | _a9780674993860 | ||
| 040 |
_cSandra Yazo _dSandra Yazo |
||
| 041 | 0 |
_aeng _agre |
|
| 082 | 0 | 4 |
_220 _a885 |
| 092 | _aE62N097 | ||
| 100 | 1 |
_aDemóstenes _91490 |
|
| 242 | 0 | 0 |
_aDemóstenes. _bDiscursos privados ; Sobre el caso de Neaera. _cTraducción inglesa por A. T. Murray. _yspa |
| 245 | 1 | 0 |
_aDemosthenes. _bPrivate Orations ; In Neaeram. _cWith an english translation by A. T. Murray. |
| 260 |
_aLondon [Londres] (Inglaterra) _bHarvard University Press [Imprenta de la Universidad de Harvard] _c1939 |
||
| 300 |
_a2 volúmenes (viii, 419 ; xii, 451páginas) _c16 x 11 cm. |
||
| 490 | 0 |
_aLoeb classical Library _v346 ; 351 |
|
| 500 | _aDetalles físicos: Encuadernación rígida. Cartón duro forrado en tela. Lomo con adornos en dorado. En la tapa delantera anagrama en dorado. Cubierta de papel verde con solapa, que incluye datos de autor y de la obra. Guardas. Hoja de cortesía. Anteportada. Portada impresa en una sola tinta; información sobre la obra dentro de un recuadro. Pequeño grabado con el emblema de la Colección (Palas Athenea); en el círculo, la inscripción “Loeb Classical Library”. Texto muy bien impreso en una sola columna: el texto griego, con párrafos numerados, ocupa la página derecha; la traducción inglesa correspondiente a la página de la izquierda. Notas de pie de página. Incluye índice. Hojas de cortesía posteriores y guardas. | ||
| 505 | 2 | _aV.1: Discursos privados, del 41 al 49 ; Bibliografía ; Tabla con las monedas de Atenas ; Introducción ; Texto y Traducción a: Discursos en el pleito contra Spudias; en pleito contra Fenipo; en pleito contra Evergo y Mnesíbulo ; Discurso en el pleito entre Sofiteo y Macartato; en el pleito entre Aristodemos y Leocares; en el pleito entre Apolodoro y Estéfanos; en el pleito entre Calístrato y Olimpiodoro -- V.2: Bibliografía ; Tabla con las monedas de Atenas ; Discurso en el pleito entre Apolodoro y Policles; en el pleito entre Apolodoro y Calipo; en el pleito entre Apolodoro y Nicostrato: en el pleito entre Ariston y Conon; en el pleito entre el hijo de Teisias contra Calicles; en el pleito entre Darío contra Dionisiodoro | |
| 506 | _aConsulta en sala | ||
| 546 | _aTexto en inglés y griego | ||
| 650 | 7 |
_920803 _aOratoria griega |
|
| 690 |
_aLiteratura griega _976 |
||
| 700 | 1 | 4 |
_aMurray, A. T. _d1866-1940 _q(Augustus Taber) _etraductor _9102005 |
| 942 |
_2LOCAL _cLIBRO _e1 _hE62N097 |
||
| 999 |
_c318423 _d318423 |
||